000 02917nam a2200409 a 4500
001 ebr10469716
003 CaPaEBR
006 m u
007 cr cn|||||||||
008 100823s2011 inua s 001 0 eng d
010 _z 2010036021
020 _z9780470624432 (pbk.)
020 _z0470624434 (pbk.)
020 _z9780470947357 (e-book)
020 _z9780470947340 (e-book)
020 _z9780470947333 (e-book)
040 _aCaPaEBR
_cCaPaEBR
035 _a(OCoLC)732958495
050 1 4 _aQA76.9.C55
_bS797 2011eb
082 0 4 _a005.7/1376
_222
100 1 _aStidley, Joel,
_d1976-
245 1 0 _aExchange server 2010 administration
_h[electronic resource] :
_breal world skills for MCITP certification and beyond /
_cJoel Stidley, Erik Gustafson.
260 _aIndianapolis, Ind. :
_bWiley Technology Pub.,
_cc2011.
300 _axxxiv, 708 p. :
_bill.
500 _aIncludes index.
505 0 _apt. 1. Introduction to Exchange Server 2010 -- pt. 2. Messaging administrator's guide to Exchange Server 2010 -- pt. 3. Messaging professional's guide to Exchange Server 2010.
520 _a"A soup-to-nuts guide for messaging administrators. Exchange Server is the world's leading e-mail server software. Windows 7 and Server 2008 R2 have made changes that messaging administrators need to know and understand in their daily work with Exchange Server. This Sybex guide focuses on the skills, concepts, technologies, and potential pitfalls that admins in the trenches need to understand. It also provides the information they need to earn MCITP certification. Updates in Exchange Server, the world's leading e-mail server software, require messaging administrators to update their knowledge in order to provide the best possible e-mail solutions. Highly focused and comprehensive, this guide teaches you to design a highly available e-mail messaging server, install and configure Exchange Server 2010, work with recipients, groups and mailboxes, configure public folders, secure Exchange, and more. CD includesvideo walkthroughs of more difficult tasks, practice exams, and electronic flashcards. Exchange Server 2010 Administration offers real-world knowledge that messaging admins need every day and helps prepare candidates for the MCITP certification exam"--
_cProvided by publisher.
533 _aElectronic reproduction.
_bPalo Alto, Calif. :
_cebrary,
_d2011.
_nAvailable via World Wide Web.
_nAccess may be limited to ebrary affiliated libraries.
630 0 0 _aMicrosoft Exchange server.
650 0 _aClient/server computing.
650 0 _aElectronic mail systems.
650 0 _aElectronic data processing personnel
_xCertification.
655 7 _aElectronic books.
_2local
700 1 _aGustafson, Erik,
_d1971-
710 2 _aebrary, Inc.
856 4 0 _uhttp://site.ebrary.com/lib/rucke/Doc?id=10469716
_zAn electronic book accessible through the World Wide Web; click to view
999 _c221846
_d221846